| 000 | 01004nam a2200277 i 4500 | ||
|---|---|---|---|
| 001 | 67082 | ||
| 003 | ES-MaACL | ||
| 005 | 20250812062407.0 | ||
| 007 | t| | ||
| 008 | 040504s2003 sp a ||||1| spa d | ||
| 020 | _a84-95011-78-6 | ||
| 080 | _a75.036(460) | ||
| 080 | _a75.092(460) | ||
| 111 | 2 |
_aPremio Ciudad de Alcalá ( _n34º. _d2003. _cAlcalá de Henares. _9226720 |
|
| 245 | 1 | 0 |
_aExposición XXXIV Edición "Premio Ciudad de Alcalá" de Pintura _b: Casa de la Entrevista : [15 de enero-15 de febrero, 2004]. |
| 246 | 3 | _aPremio Ciudad de Alcalá | |
| 260 |
_aAlcalá de Henares, Madrid : _bFundación Colegio del Rey, _c[2003] |
||
| 300 |
_a[32] p. : _bprincipalmente il. col. ; _c26 cm. |
||
| 650 | 4 |
_aPintura española- _yS.XX- _vExposiciones. _916043 |
|
| 655 | 7 |
_2tgfbne _9193628 _aCatálogos de exposiciones |
|
| 710 | 2 |
_aFundación Colegio del Rey. _94254 |
|
| 710 | 2 |
_aCasa de la Entrevista _9143924 |
|
| 852 |
_aES-MaACL _j2166-F-23 |
||
| 942 | _2udc | ||
| 999 |
_c67082 _d67082 |
||